Loading...

D Sreeman Namboothiriyude kavithakal/

Bibliographic Details
Main Author: Sreeman Nampoothiri D
Format: Printed Book
Published: Kottayam: Sreeman Namboodiri, 1990.
Subjects:
LEADER 00849nam a22001811a 4500
082 |a M1  |b SRE/D 
100 |a Sreeman Nampoothiri D  |9 67637 
245 |a D Sreeman Namboothiriyude kavithakal/  |c by Sreeman Nampoothiri D 
260 |a Kottayam:  |b Sreeman Namboodiri,  |c 1990. 
300 |a 203p. 
650 |a Poetry Malayalam  |9 67638 
650 |a Literature Malayalam  |9 67639 
650 |a Literature  |9 67640 
942 |c BK 
999 |c 9661  |d 9661 
952 |0 0  |1 0  |4 0  |6 M_1_000000000000000_SRE_D  |7 0  |9 14112  |a SSUS  |b SSUS  |d 2015-01-08  |g 31.00  |o M1 SRE/D  |p 048848  |r 2015-01-08  |v 0.00  |w 2015-01-08  |y BK 
952 |0 0  |1 0  |4 0  |6 M_1_000000000000000_SRE_D  |7 0  |9 14113  |a SSUS  |b SSUS  |d 2015-01-08  |g 31.00  |o M1 SRE/D  |p 048849  |r 2015-01-08  |v 0.00  |w 2015-01-08  |y BK 
952 |0 0  |1 0  |4 0  |6 M_1_000000000000000_SRE_D  |7 0  |9 14114  |a SSUS  |b SSUS  |d 2015-01-08  |g 31.00  |o M1 SRE/D  |p 002623  |r 2015-01-08  |v 0.00  |w 2015-01-08  |y BK